Normal view MARC view

Entry Personal Name

Number of records used in: 1

001 - CONTROL NUMBER

  • control field: 23151

003 - CONTROL NUMBER IDENTIFIER

  • control field: dpl

005 - DATE AND TIME OF LATEST TRANSACTION

  • control field: 20101007140442.0

008 - FIXED-LENGTH DATA ELEMENTS

  • fixed length control field: 101007|||a|||||| | ||| d

040 ## - CATALOGING SOURCE

  • Original cataloging agency: dpl
  • Transcribing agency: dpl

100 ## - HEADING--PERSONAL NAME

  • Personal name: बसु, राजशेखर

670 ## - SOURCE DATA FOUND

  • Source citation: Work cat.: (dpl)33861: बसु, राजशेखर, परशुराम की चुनी हुई कहानियाँ /, 2009

670 ## - SOURCE DATA FOUND

  • Source citation: Work cat.: (dpl)33861: बसु, राजशेखर, परशुराम की चुनी हुई कहानियाँ /, 2009

© Delhi Public Library
Hit Counter
free hit counter